Сватбеният гост (Запис номер 547141)
[ съкратено ]
| 000 -Лидер | |
|---|---|
| Контролно поле с фиксирана дължина | 01104nam a2200229 a 4500 |
| 003 - Код на организацията, давaща контролен номер | |
| Контролно поле | BLK |
| 005 - Дата и час на последна редакция | |
| Контролно поле | 20250724132001.0 |
| 008 - Елементи от данни с фиксирана дължина | |
| fixed length control field | 210721b bu |||||r|||| 00| | bu d |
| 020 ## - Международен стандартен номер на книга ISBN | |
| Международен стандартен номер на книга ISBN | 978-954-26-2403-5 |
| 040 ## - Източник на каталожния запис | |
| Идентификатор на билиотеката - собственик на записа | BLK |
| 041 ## - Код за език | |
| Код за езика на текст/звукозапис или на отделно заглавие | Български |
| Код за езика КДБФ | Български |
| 080 ## - УДК | |
| Текстов определител УДК | Английска литература |
| УДК код - определител по УДК | 821.111 |
| УДК определител | -312.4 |
| УДК - код + определител | 821.111-312.4 |
| 100 ## - Редна дума - Автор | |
| Автор | Гонтлет, А. Е. |
| R(LIN) | 498518 |
| 245 ## - Сведения за заглавието | |
| Заглавие | Сватбеният гост |
| Подзаглавни данни | Роман |
| Редно поле (дума) | А. Е. Гонтлет ; прев. от англ. Стоянка Сербезова-Леви. |
| 257 ## - Страна на издаване | |
| Страна на създаване/издаване | Великобритания |
| 260 ## - Област на издателските данни | |
| 9 (RLIN) | 209439 |
| Място на издаване, разпространение и проч. | Пловдив |
| Име на издателя, разпространителя и проч. | Хермес |
| Година на издаване | 2025 |
| Издателство - префикс ISBN | 978-954-26- ; 978-954-459- |
| 300 ## - Физическа характеристика | |
| Страници | 335 с. |
| Размери/Мащаб | 20 см |
| 380 ## - Жанр | |
| Жанр | Худож. лит. |
| 500 ## - Общи забележки | |
| Забележка | Ориг. загл.: The stranger at the wedding / A. E. Gauntlett<br/>Възприетата форма на името на прев. Стоянка Сербезова-Леви е Стоянка Минчева Сербезова<br/>Бележка за автора: с. 334 |
| 700 1# - Други автори (авторска отговорност) | |
| 9 (RLIN) | 119812 |
| Лично име | Сербезова-Леви, Стоянка Минчева |
| Автороска отговорност (Описва отношението между автора и произведението) | прев. от англ. |
| 942 ## - АРТИКУЛИ | |
| Вид на библиотечния материал | Книги |
| Скрит в OPAC | Не |
| Периодичен библиозапис | Да |
| 999 ## - СИСТЕМНИ КОНТРОЛНИ НОМЕРА | |
| Koha biblionumber | 547141 |
| Koha biblioitemnumber | 547141 |
| 944 ## - СЪЗДАВАНЕ И РЕДАКЦИЯ на ЗАПИСА | |
| Създаване/Редакция | |
| Дата на регистрацията/редакция | Нора Радева |
| Служител, извършил регистрацията/редакцията | 30545 |
| Статус, дата на статуса | Нора Радева |
Няма налични копия.